Loading...
| Science - Physics | 0 | 4 | 0 | 1 | 40 | 31 | 60.75 | 0 | 1 | 17.83 | 23.33 |
| Literature - European | 0 | 3 | 0 | 1 | 30 | 85 | 95.67 | 0 | 1 | 4.87 | 11.11 |
| Science - Other | 0 | 2 | 0 | 0 | 20 | 12 | 24.00 | 1 | 2 | 15.25 | 17.78 |
| History - American | 0 | 2 | 1 | 0 | 15 | 40 | 56.50 | 0 | 2 | 10.52 | 16.67 |
| Science - Chemistry | 0 | 2 | 1 | 0 | 15 | 46 | 59.00 | 1 | 2 | 7.83 | 17.78 |
| Science - Biology | 0 | 2 | 1 | 0 | 15 | 54 | 63.50 | 0 | 0 | 7.67 | 7.78 |
| Religion | 0 | 1 | 0 | 0 | 10 | 74 | 74.00 | 0 | 1 | 3.51 | 8.89 |
| Social Science | 0 | 1 | 0 | 0 | 10 | 72 | 72.00 | 0 | 1 | 4.32 | 9.72 |
| Fine Arts - Other | 0 | 1 | 0 | 1 | 10 | 110 | 110.00 | 0 | 0 | 0.00 | 2.22 |
| History - European | 0 | 1 | 0 | 0 | 10 | 31 | 31.00 | 1 | 1 | 7.05 | 10.00 |
| History - World | 0 | 1 | 0 | 0 | 10 | 76 | 76.00 | 0 | 0 | 2.90 | 1.11 |
| Literature - British | 0 | 1 | 0 | 1 | 10 | 121 | 121.00 | 0 | 0 | 0.00 | 1.11 |
| Literature - World | 0 | 1 | 0 | 0 | 10 | 93 | 93.00 | 0 | 1 | 1.91 | 7.78 |
| Fine Arts - Classical Music | 0 | 1 | 0 | 0 | 10 | 70 | 70.00 | 1 | 1 | 3.75 | 10.00 |
| Mythology | 0 | 1 | 1 | 0 | 5 | 76 | 76.00 | 0 | 1 | 3.39 | 4.44 |
| Philosophy | 0 | 1 | 1 | 0 | 5 | 60 | 60.00 | 0 | 1 | 5.56 | 8.33 |
| History - Other | 0 | 0 | 0 | 0 | 0 | 0.00 | 0 | 0 | 0.00 | 0.00 |